La esclavitud en la América española
Kaydedildi:
| Yazar: | |
|---|---|
| Materyal Türü: | Kitap |
| Dil: | İspanyolca |
| Baskı/Yayın Bilgisi: |
Varsovia
CESLA
2002
|
| Seri Bilgileri: | Estudios y Materiales
|
| Konular: | |
| Etiketler: |
Etiketle
Etiket eklenmemiş, İlk siz ekleyin!
|
MARC
| LEADER | 00000cam a2200000 a 4500 | ||
|---|---|---|---|
| 001 | UCH1920 | ||
| 003 | CL-VaPUC | ||
| 008 | 090520e20020000pl |||||||||||||||||spa|d | ||
| 020 | |a 8385620990 | ||
| 082 | 0 | 4 | |a 306.36298 |b LUC |2 21 |
| 100 | |a Lucena Salmoral, Manuel |e autor |9 588473 | ||
| 245 | 1 | 3 | |a La esclavitud en la América española |
| 300 | |a 408 p | ||
| 942 | |c BK | ||
| 945 | |d 20090520 00:00:00 |a rbrito | ||
| 260 | |a Varsovia |b CESLA |c 2002 | ||
| 650 | 0 | |a Esclavitud |9 323605 | |
| 650 | 0 | |a Esclavos |9 258558 | |
| 650 | 0 | |a Etnología |9 258726 | |
| 650 | 0 | |a Etnografía |9 309735 | |
| 651 | 0 | |a América |9 255182 | |
| 583 | |a last modification |c 20130822 01:29:10 |k Rodrigo Vera | ||
| 490 | 0 | |a Estudios y Materiales | |
| 999 | |c 333814 |d 333812 | ||
| 952 | |0 0 |1 0 |4 0 |6 306_362980000000000_LUC_2002 |7 0 |8 A |9 422442 |a BIBHIS |b BIBHIS |d 2019-11-22 |i 4551060 |o 306.36298 LUC 2002 |p 4551060 |r 2025-01-20 |w 2019-11-22 |y BK |k HIS | ||
| 952 | |0 0 |1 0 |4 0 |6 306_362980000000000_LUC_2002 |7 0 |8 A |9 422443 |a BIBHIS |b BIBHIS |d 2019-11-22 |i 4551079 |o 306.36298 LUC 2002 |p 4551079 |r 2025-01-20 |w 2019-11-22 |y BK |k HIS | ||